|
|
|
|
| LEADER |
00850pam a22002418a 4500 |
| 001 |
00022744 |
| 005 |
20171026081022.0 |
| 008 |
110602s2000 ||||||Viesd |
| 041 |
0 |
# |
|a Vie
|
| 082 |
1 |
4 |
|a 796.334
|b L504B
|
| 245 |
0 |
0 |
|a Luật bóng đá
|
| 260 |
# |
# |
|a H.
|b Thể dục thể thao
|c 2000
|
| 300 |
# |
# |
|a 143 tr.
|c 19 cm.
|
| 500 |
# |
# |
|a ĐTTS ghi : Ủy ban Thể dục thể thao
|
| 650 |
# |
4 |
|a Bóng đá
|
| 650 |
# |
4 |
|a Luật
|
| 653 |
# |
# |
|a Việt Nam
|
| 852 |
# |
# |
|b Kho giáo trình
|j KGT.0015608, KGT.0015609, KGT.0015610, KGT.0015611
|
| 852 |
# |
# |
|b Kho mượn
|j KGT.0015608
|
| 852 |
# |
# |
|b Kho đọc
|j KD.0009647
|
| 852 |
# |
# |
|j KD.0009647
|j KGT.0015609
|j KGT.0015610
|j KGT.0048949
|j KGT.0015608
|j KGT.0015611
|
| 910 |
0 |
# |
|a nhnam
|d 02/06/2011
|
| 980 |
# |
# |
|a Trung tâm Học liệu Lê Vũ Hùng, Trường Đại học Đồng Tháp
|